| 000 | 00617nam a22001697a 4500 | ||
|---|---|---|---|
| 999 |
_c9930 _d9930 |
||
| 008 | 180723b ||||| |||| 00| 0 eng d | ||
| 082 |
_22018 _aUT 0890 _bE81 |
||
| 100 |
_929319 _aEstorco, Angel P. |
||
| 245 |
_aCross-validating the need measures among senior high school samples / _cAngel P.Estorco, Cresill Joy V. Laput, Joyce Reas |
||
| 260 |
_aDigos City : _bUMDC _cMarch 2018 |
||
| 300 |
_a56 pages; _b29 cm. |
||
| 650 | 0 |
_929320 _aBS Psychology _vPsychology _xUndergraduate thesis. |
|
| 700 |
_929322 _aEstorco, Angel P. |
||
| 700 |
_929323 _aLaput, Cresill Joy V. |
||
| 700 |
_929324 _aReas, Joyce |
||
| 942 |
_2ddc _cUT |
||